000 01338nam a22004092 4500
001 22510
003 CZ PrNK
005 20260330153944.0
007 ta
008 960520s1983 xo d 000 f slo
020 _q(Váz.)
040 _aABA001
_bcze
_cABA001
_dABA001
041 1 _aslo
_hfre
072 7 _a821.133.1-3
_xFrancouzská próza, francouzsky psaná
_2Konspekt
072 7 _a821-93
_xLiteratura pro děti a mládež (beletrie)
_2Konspekt
080 _a821.133.1-31
_2MRF
080 _a821-93
_2MRF
080 _a(0:82-311.3)
_2MRF
100 1 _aVerne, Jules,
_d1828-1905
_4aut
240 1 0 _aRobur le Conquérant.
_lSlovensky
245 1 0 _aRobur dobyvatel'
_cJules Verne ; [z franc. orig. prel. Mária Flochová, Teofil Ušák]
250 _a3. vyd.
260 _aBratislava :
_bMladé letá,
_c1983
300 _a250 s. ;
_c21 cm
490 1 _aKnihy J. Verna
655 7 _afrancouzské romány
_2czenas
655 7 _adobrodružné romány
_2czenas
655 7 _apublikace pro mládež
_2czenas
655 9 _aFrench fiction
_2eczenas
655 9 _aadventure novels
_2eczenas
655 9 _ajuvenile literature
_2eczenas
700 1 _aFlochová, Mária
_4trl
700 1 _aUšák, Teofil,
_d1922-1999
_4trl
800 1 _aVerne, Jules,
_d1828-1905.
_tKnihy (Mladé letá)
910 _aABA001
942 _2ddc
_cKLDO
_n0
999 _c22510
_d22510